Antología de poetas contemporáneos en lengua castellana / (Record no. 24869)

MARC details
000 -LEADER
campo de control de longitud fija 00643nam a2200193 i 4500
001 - NÚMERO DE CONTROL
campo de control 24869
003 - IDENTIFICADOR DE NÚMERO DE CONTROL
campo de control ES-MaACL
005 - FECHA Y HORA DE LA ÚLTIMA TRANSACCIÓN
campo de control 20240516101401.0
007 - CAMPO FIJO DE DESCRIPCIÓN FÍSICA--INFORMACIÓN GENERAL
campo de control de longitud fija t|
008 - DATOS DE LONGITUD FIJA--INFORMACIÓN GENERAL
campo de control de longitud fija 021219s1946 sp ||||1| spa d
245 00 - MENCIÓN DEL TÍTULO
Título Antología de poetas contemporáneos en lengua castellana /
Mención de responsabilidad, etc. César González Ruano.
260 ## - PUBLICACIÓN, DISTRIBUCIÓN, ETC.
Lugar de publicación, distribución, etc. Barcelona :
Nombre del editor, distribuidor, etc. Gustavo Gili,
Fecha de publicación, distribución, etc. 1946 (
Fabricante Clarasó)
300 ## - DESCRIPCIÓN FÍSICA
Extensión 874 p. ;
Dimensiones 23 cm.
650 #4 - PUNTO DE ACCESO ADICIONAL DE MATERIA--TÉRMINO DE MATERIA
Término de materia o nombre geográfico como elemento de entrada Poesías españolas-
Subdivisión cronológica S.XX.
9 (RLIN) 16221
650 #4 - PUNTO DE ACCESO ADICIONAL DE MATERIA--TÉRMINO DE MATERIA
Término de materia o nombre geográfico como elemento de entrada Poesía hispanoamericana-
Subdivisión cronológica S.XX
9 (RLIN) 16227
700 1# - ENTRADA AGREGADA--NOMBRE PERSONAL
Nombre de persona González-Ruano, César,
Fechas asociadas al nombre 1903-1965
9 (RLIN) 58936
852 ## - LOCALIZACIÓN
Ubicación ES-MaACL
Número de control de estantería B-10623
Sublocalización o colección R.22293
Holdings
Estatus retirado Estado de pérdida Estado de daño No para préstamo Biblioteca de origen Biblioteca actual Ubicación en estantería Fecha de adquisición Fuente de adquisición Total de préstamos Signatura topográfica completa Código de barras Visto por última vez Precio de reemplazo Tipo de ítem Koha
        Biblioteca del Ateneo de Madrid Biblioteca del Ateneo de Madrid Sala Pardo Bazán 17/01/2008     B-10623 1025642 23/02/2023 23/02/2023 Libro impreso